000 00663nam a2200229 a 4500
001 000022750
005 20200930021756.0
008 101117s2000 mx 000 p spa d
020 _a9681905296
040 _aDO-SdBNP
_bspa
_cBNPHU
082 _aU861.44
_bB462p
100 1 _aBenedetti, Mario,
_d1920-2009
_911959
245 1 0 _aPoemas de otros :
_b1973-1974 /
_cMario Benedetti.
260 _aMéxico :
_bAlfaguara,
_c2000.
300 _a130 p. ;
_c20 cm.
490 1 _aBiblioteca Mario Benedetti
650 4 _aPoesía uruguaya
_93846
650 4 _aLiteratura uruguaya
_93054
830 0 _aBiblioteca Mario Benedetti
_924217
910 _aWM
049 _aBNGR
999 _c22247
_d22247